| 000 | 00946nac a22002897a 4500 | ||
|---|---|---|---|
| 001 | BR8404446 | ||
| 003 | BR-BrBNA | ||
| 005 | 20240105120150.0 | ||
| 008 | 230509b bl.|||m| |||| 00| 0 por d | ||
| 040 |
_aBR-BrBNA _bpor _cBiblioteca Nacional de Agricultura |
||
| 072 | _aE16; E10 | ||
| 090 | _aE16 BR8404446 | ||
| 110 | 1 |
_aFundacao Centro Estadual de Planejamento Agricola, Salvador, BA (Brasil) _94810 |
|
| 245 | 1 | _aEstatistica da agropecuaria. Jun 1985 [Bahia, Brasil] | |
| 260 | 3 |
_aSalvador, BA (Brasil): _c1984. |
|
| 300 | _a114 p. | ||
| 490 |
_aEstatisticas da Agropecuaria - Fundacao Centro Estadual de Planejamento Agricola (Brazil) _vno. 2 _x |
||
| 500 | _aNumerical data | ||
| 650 | _aESTATISTICA AGRICOLA | ||
| 650 | _aESTATISTICA DE PRODUCAO | ||
| 650 | _aPECUARIA | ||
| 650 | _aREBANHO | ||
| 650 | _aESTRUTURA AGRARIA | ||
| 650 | _aBAHIA | ||
| 909 |
_a202312 _bLúcia Elande _c55 _dLúcia Elande |
||
| 942 |
_2AGRIS _n0 _cMS |
||
| 999 |
_c278176 _d278176 |
||